|
|
|
|
| LEADER |
00000nab a2200000 a 4500 |
| 001 |
vtls008879276 |
| 003 |
SK-MaSNL |
| 005 |
20260319071048.0 |
| 008 |
061120c2006 xo mr p 000 c0ukr |
| 015 |
|
|
|a SNBRB2006/11
|
| 038 |
|
|
|a SVKPOCL
|
| 040 |
|
|
|a SVKPOCL
|b slo
|c AACR2
|e AACR2
|
| 041 |
0 |
|
|a ukr
|
| 044 |
|
|
|a xo
|c SK
|
| 080 |
|
|
|a 394.1/.2
|2 2001
|
| 080 |
|
|
|a 793.31
|2 2001
|
| 080 |
|
|
|a 784.4
|2 2001
|
| 080 |
|
|
|a 7.079
|2 2001
|
| 080 |
|
|
|a 796:06.078
|2 2001
|
| 080 |
|
|
|a 06.078
|2 2001
|
| 100 |
1 |
|
|a Kuzmiaková, Anna,
|d 1949-
|4 aut
|4 pht
|9 210981
|
| 245 |
1 |
0 |
|a Spivamy sja ozyvav cilyj Laborec' i hora Kamjana
|c A. Kuzmjakova ; Fotky avtorky i S. Lysinovoj
|
| 300 |
|
|
|b Fotogr.
|
| 611 |
2 |
7 |
|a Festival kultúry a športu
|n (44. :
|d 2006 :
|c Medzilaborce, Slovensko)
|2 svkpocl
|9 1055163
|
| 650 |
0 |
7 |
|a folklórne festivaly
|2 svkpocl
|9 29324
|
| 650 |
0 |
7 |
|a šport
|2 svkpocl
|9 1042
|
| 650 |
0 |
7 |
|a festivaly
|2 svkpocl
|9 3406
|
| 651 |
|
7 |
|a Medzilaborce (Slovensko)
|2 svkpocl
|9 22171
|
| 700 |
1 |
|
|a Lysinová, Silvia,
|d 1975-
|4 pht
|9 1032581
|
| 773 |
0 |
|
|t Info Rusyn
|g Roč. III, č. 7 (2006), s. 5
|
| 852 |
|
|
|a SVKPO
|b KIS3GCP
|
| 856 |
4 |
1 |
|a rusinska.obroda@stonline.sk
|
| 856 |
4 |
1 |
|a www.rusyn.sk
|
| 958 |
|
|
|a RN
|
| 958 |
|
|
|a SK
|
| 999 |
|
|
|c 1734883
|d 1736813
|